The Dawn of Amateur Radio in the U.K. and Greece : (Record no. 229437)
[ view plain ]
| 000 -LEADER | |
|---|---|
| fixed length control field | 00695cam a22002293a 4500 |
| 001 - CONTROL NUMBER | |
| control field | 66 |
| 003 - CONTROL NUMBER IDENTIFIER | |
| control field | PGUSA |
| 005 - DATE AND TIME OF LATEST TRANSACTION | |
| control field | 20140828082942.0 |
| 008 - FIXED-LENGTH DATA ELEMENTS--GENERAL INFORMATION | |
| fixed length control field | 930501s1993||||xxu|||||s|||||000 | eng d |
| 040 ## - CATALOGING SOURCE | |
| Original cataloging agency | PGUSA |
| Language of cataloging | eng |
| 042 ## - AUTHENTICATION CODE | |
| Authentication code | dc |
| 050 #4 - LIBRARY OF CONGRESS CALL NUMBER | |
| Classification number | TK |
| 100 1# - MAIN ENTRY--PERSONAL NAME | |
| Personal name | Joly, Norman F. |
| 245 14 - TITLE STATEMENT | |
| Title | The Dawn of Amateur Radio in the U.K. and Greece : |
| Remainder of title | A Personal View |
| Medium | [electronic resource] / |
| Statement of responsibility, etc | Norman F. Joly |
| 260 ## - PUBLICATION, DISTRIBUTION, ETC. (IMPRINT) | |
| Name of publisher, distributor, etc | Project Gutenberg, |
| Date of publication, distribution, etc | 1993 |
| 506 ## - RESTRICTIONS ON ACCESS NOTE | |
| Terms governing access | Copyrighted. Read the copyright notice inside this book for details. |
| 516 ## - TYPE OF COMPUTER FILE OR DATA NOTE | |
| Type of computer file or data note | Electronic text |
| 653 ## - INDEX TERM--UNCONTROLLED | |
| Uncontrolled term | Radio broadcasting |
| 830 #0 - SERIES ADDED ENTRY--UNIFORM TITLE | |
| Uniform title | Project Gutenberg |
| Volume number/sequential designation | 66 |
| 856 40 - ELECTRONIC LOCATION AND ACCESS | |
| Uniform Resource Identifier | <a href="http://www.gutenberg.org/ebooks/66">http://www.gutenberg.org/ebooks/66</a> |
| 942 ## - ADDED ENTRY ELEMENTS (KOHA) | |
| Koha item type | eBooks |
| Withdrawn status | Lost status | Damaged status | Home library | Current library | Date acquired | Total Checkouts | Date last seen | Price effective from | Koha item type |
|---|---|---|---|---|---|---|---|---|---|
| Project Gutenberg | Project Gutenberg | 08/28/2014 | 08/28/2014 | 08/28/2014 | eBooks |